000
00339nam a2200145Ia 4500
008
230718s9999 xx 000 0 und d
041
_a
Eng.
082
_a
344.046
_b
KRA-E
100
_a
Kramel , Dr ludusig
245
0
_a
Environmental Law
260
_a
Pakistan
_b
Sweet and Maxwell
_c
1997
300
_a
378
650
_a
Law
999
_c
29480
_d
29480